|
|
|
|
| LEADER |
01244nam a2200277 a 4500 |
| 001 |
14102 |
| 003 |
BD-DhAAL |
| 008 |
090408s2005 nyua b 001 0 eng d |
| 999 |
|
|
|c 123
|d 123
|
| 010 |
|
|
|a 2004054708
|
| 020 |
|
|
|a 0195160177 (pbk. : alk. paper)
|
| 020 |
|
|
|a 9780195160178
|
| 040 |
|
|
|a DLC
|c DLC
|d YDX
|d DLC
|d BD-DhAAL
|
| 082 |
0 |
0 |
|a 801.95
|2 22
|
| 245 |
0 |
2 |
|a A handbook of critical approaches to literature /
|c Wilfred L. Guerin ... [et al.].
|
| 250 |
|
|
|a Fifth edition
|
| 260 |
|
|
|a New York :
|b Oxford University Press,
|c 2005.
|
| 300 |
|
|
|a xvi, 424 pages :
|b illustrations ;
|c 21 cm.
|
| 504 |
|
|
|a Includes bibliographical references and index.
|
| 541 |
1 |
|
|e 14102, 14103
|
| 650 |
|
0 |
|a Criticism.
|9 41312
|
| 700 |
1 |
|
|a Guerin, Wilfred L.
|9 41313
|
| 852 |
|
|
|a Ayesha Abed Library
|j General Stacks
|
| 942 |
|
|
|2 ddc
|c BK
|
| 952 |
|
|
|0 0
|1 0
|2 ddc
|4 0
|6 801_950000000000000_HAN
|7 0
|9 113
|a BRACUL
|b BRACUL
|c GEN
|d 2009-04-28
|g 312.00
|l 1
|m 3
|o 801.95 HAN
|p 3010014102
|r 2014-01-27
|s 2013-01-08
|t 1
|v 624.00
|w 2009-04-28
|y BK
|x Price available in register book.
|
| 952 |
|
|
|0 0
|1 0
|2 ddc
|4 0
|6 801_950000000000000_HAN
|7 0
|9 17319
|a BRACUL
|b BRACUL
|c GEN
|d 2011-06-30
|g 312.00
|l 1
|m 8
|o 801.95 HAN
|p 3010014103
|r 2013-12-20
|s 2013-10-26
|t 2
|w 2011-06-30
|y BK
|x Price available in register book.
|